[Event "Hamburg-chT Landesliga 2122"]
[Site "Hamburg"]
[Date "2022.06.19"]
[Round "5.7"]
[White "Haschimi, Haschem"]
[Black "Salenko, Vadim"]
[Result "1-0"]
[WhiteElo "1866"]
[BlackElo "2001"]
[PlyCount "109"]
[EventDate "2021.10.31"]
[EventType "team-tourn"]
[EventRounds "9"]
[EventCountry "GER"]
[SourceTitle "EXT 2024"]
[Source "ChessBase"]
[SourceDate "2023.10.10"]
[SourceVersion "1"]
[SourceVersionDate "2023.10.10"]
[SourceQuality "1"]
[WhiteTeam "Harburg Diagonale"]
[BlackTeam "Hamburger SK IV"]
[WhiteTeamCountry "GER"]
[BlackTeamCountry "GER"]

1. e4 e6 2. d4 d5 3. e5 c5 4. Bb5+ Bd7 5. Bxd7+ Nxd7 6. c3 Ne7 7. Nf3 Nc6 8. 0-0 Be7 9. Re1 b5 10. a3 a5 11. Be3 c4 12. Nbd2 Nb6 13. Qc2 h6 14. Reb1 0-0 15. Ne1 f5 16. f4 Qc7 17. Ndf3 Rfb8 18. Qf2 b4 19. a4 b3 20. Nh4 Kf7 21. g4 g6 22. gxf5 gxf5 23. Qf3 Rg8+ 24. Kh1 Rg4 25. Nhg2 Rag8 26. Bf2 Ke8 27. h3 R4g7 28. Qh5+ Kd7 29. Ne3 Qd8 30. N1g2 Qe8 31. Qf3 Bd8 32. Rg1 Kc7 33. Qe2 Kb7 34. Kh2 Nb8 35. Ra3 Be7 36. Raa1 Qc6 37. Bh4 Bxh4 38. Nxh4 Nxa4 39. Rxg7+ Rxg7 40. Re1 Rf7 41. Qh5 Qd7 42. Nexf5 Rxf5 43. Nxf5 exf5 44. e6 Qe7 45. Qxf5 Nxb2 46. Qxd5+ Nc6 47. Qb5+ Kc7 48. d5 Nd8 49. Qxa5+ Kc8 50. Qa6+ Nb7 51. Qc6+ Kd8 52. Ra1 Qd6 53. Ra8+ Ke7 54. Qxb7+ Kf6 55. Qf7# 1-0

[Event "Hamburg-chT Landesliga 2122"]
[Site "Hamburg"]
[Date "2021.12.12"]
[Round "3.8"]
[White "Salenko, Vadim"]
[Black "Opasiak, Dustin Tennessee"]
[Result "1-0"]
[WhiteElo "2001"]
[BlackElo "1721"]
[PlyCount "117"]
[EventDate "2021.10.31"]
[EventType "team-tourn"]
[EventRounds "9"]
[EventCountry "GER"]
[SourceTitle "EXT 2023"]
[Source "ChessBase"]
[SourceDate "2022.10.05"]
[SourceVersion "1"]
[SourceVersionDate "2022.10.05"]
[SourceQuality "1"]
[WhiteTeam "Hamburger SK IV"]
[BlackTeam "Weisse Dame"]
[WhiteTeamCountry "GER"]
[BlackTeamCountry "GER"]

1. d4 Nf6 2. e3 d5 3. Bd3 g6 4. Nd2 Bg7 5. f4 c5 6. c3 Qc7 7. Ngf3 Bf5 8. Bxf5 gxf5 9. Ne5 e6 10. 0-0 Nc6 11. Qe2 h5 12. Rf3 0-0-0 13. Rh3 Nxe5 14. fxe5 Ng4 15. Nf1 Rh7 16. Bd2 c4 17. Be1 Rg8 18. Rh4 Bh6 19. h3 Bg5 20. hxg4 Bxh4 21. Bxh4 Rxg4 22. g3 Rhg7 23. Kf2 Qb6 24. Rb1 Qa5 25. Ra1 Rxh4 26. gxh4 Rg4 27. Nh2 Rxh4 28. Nf3 Rg4 29. a3 Qd8 30. Rh1 Qg8 31. Kf1 Qg6 32. Nh4 Qg5 33. Ng2 h4 34. Nf4 Kc7 35. Qf2 Rg3 36. Rg1 Qg4 37. Rxg3 hxg3 38. Qe2 Qh4 39. Qh5 Qe7 40. Kg2 b5 41. Kxg3 a5 42. Qh6 b4 43. axb4 axb4 44. Qf6 Qe8 45. cxb4 Kc6 46. Kf2 Kb5 47. Ne2 Kxb4 48. Nc1 Qf8 49. Ke2 Qe8 50. Qh4 Ka4 51. Kd1 Qg8 52. Qe1 Qg4+ 53. Ne2 Qf3 54. Kd2 Kb4 55. Qa1 Kb5 56. Qa7 Qh5 57. Qb7+ Ka5 58. Nc3 Qh2+ 59. Kc1 1-0

[Event "Hamburg-chT Landesliga 1920"]
[Site "Hamburg"]
[Date "2021.08.21"]
[Round "8.15"]
[White "Salenko, Vadim"]
[Black "Wenzel, Birger"]
[Result "0-1"]
[WhiteElo "1987"]
[BlackElo "2034"]
[PlyCount "50"]
[EventDate "2019.09.29"]
[EventType "team-tourn"]
[EventRounds "9"]
[EventCountry "GER"]
[SourceTitle "EXT 2023"]
[Source "ChessBase"]
[SourceDate "2022.10.05"]
[SourceVersion "1"]
[SourceVersionDate "2022.10.05"]
[SourceQuality "1"]
[WhiteTeam "Hamburger SK IV"]
[BlackTeam "Johanneum Eppendorf"]
[WhiteTeamCountry "GER"]
[BlackTeamCountry "GER"]

1. d4 Nf6 2. Nf3 e6 3. e3 d5 4. Bd3 Bd6 5. Ne5 0-0 6. Nd2 c5 7. c3 Qc7 8. f4 b6 9. 0-0 Ba6 10. Qe2 Bxd3 11. Qxd3 Nc6 12. Rf3 Ne7 13. Rh3 g6 14. g4 Bxe5 15. fxe5 Nxg4 16. e4 f5 17. exd5 Nxd5 18. Nf3 cxd4 19. cxd4 Rac8 20. Bd2 Qc2 21. Ng5 Nf4 22. Bxf4 Qf2+ 23. Kh1 Qxf4 24. Nxe6 Nf2+ 25. Kg2 Nxd3 0-1

[Event "Hamburg-chT Landesliga 1617"]
[Site "Hamburg"]
[Date "2017.05.14"]
[Round "9.6"]
[White "Wenzel, Birger"]
[Black "Salenko, Vadim"]
[Result "1-0"]
[WhiteElo "2086"]
[BlackElo "1979"]
[PlyCount "93"]
[EventDate "2016.10.16"]
[EventType "team-tourn"]
[EventRounds "9"]
[EventCountry "GER"]
[SourceTitle "EXT 2022"]
[Source "ChessBase"]
[SourceDate "2021.10.06"]
[SourceVersion "1"]
[SourceVersionDate "2021.10.06"]
[SourceQuality "1"]
[WhiteTeam "Johanneum Eppendorf"]
[BlackTeam "Hamburger SK V"]
[WhiteTeamCountry "GER"]
[BlackTeamCountry "GER"]

1. d4 d5 2. c4 e6 3. Nc3 Nf6 4. cxd5 exd5 5. Bg5 Be7 6. e3 0-0 7. Bd3 c6 8. Nge2 Nbd7 9. 0-0 Ne4 10. Bxe7 Qxe7 11. Qc2 f5 12. Rae1 Qg5 13. Nf4 Ndf6 14. f3 Nd6 15. Na4 Qh6 16. Nc5 Rf7 17. Qf2 Kh8 18. Qg3 Re7 19. Nh3 Nh5 20. Qh4 Nf6 21. Qxh6 gxh6 22. Nf4 b6 23. Na4 Bd7 24. Nc3 Rae8 25. Kf2 Kg7 26. b3 Kf7 27. Re2 Bc8 28. Rc1 Bb7 29. Nd1 Rc8 30. Rec2 Rec7 31. Nb2 Re7 32. Bf1 Rce8 33. Re1 Nd7 34. Nbd3 Rc8 35. Rec1 a5 36. g3 Rce8 37. Ng2 Nb5 38. Ndf4 Nc7 39. Bd3 c5 40. Bxf5 Nb5 41. Bxd7 Rxd7 42. dxc5 bxc5 43. Rxc5 Nd6 44. Nxd5 Re5 45. Ngf4 Nf5 46. e4 Nd4 47. Rc7 1-0

[Event "GER-chT U20"]
[Site "Berlin"]
[Date "2005.12.30"]
[Round "7.5"]
[White "Rosenstein, Wadim"]
[Black "Salenko, Vadim"]
[Result "1-0"]
[WhiteElo "1831"]
[BlackElo "2005"]
[PlyCount "95"]
[EventDate "2005.12.27"]
[EventType "team-swiss"]
[EventRounds "7"]
[EventCountry "GER"]
[SourceTitle "EXT 2022"]
[Source "ChessBase"]
[SourceDate "2021.10.06"]
[SourceVersion "1"]
[SourceVersionDate "2021.10.06"]
[SourceQuality "1"]
[WhiteTeam "Koeln Muelheim U20"]
[BlackTeam "Hamburger SK U20"]
[WhiteTeamCountry "GER"]
[BlackTeamCountry "GER"]

1. c4 f5 2. Nc3 Nf6 3. Nf3 g6 4. g3 Bg7 5. Bg2 0-0 6. 0-0 d6 7. d3 e5 8. Bg5 c6 9. Qd2 Re8 10. Rab1 Nbd7 11. b4 Nf8 12. e4 Ne6 13. exf5 Nxg5 14. Nxg5 Bxf5 15. b5 Qd7 16. Nge4 Ng4 17. c5 dxc5 18. bxc6 bxc6 19. Nxc5 Qd4 20. N3e4 Rab8 21. a3 Kh8 22. Rb4 Rxb4 23. Qxb4 Bf8 24. Qxd4 exd4 25. Nb3 Ne5 26. Nxd4 Nxd3 27. Nf6 Rd8 28. Nxc6 Rd6 29. Ne8 Re6 30. Nc7 Re2 31. Nd4 Ra2 32. Nxf5 gxf5 33. Rd1 Rxa3 34. Ne6 Be7 35. Bf1 Ne5 36. Rd5 Nf3+ 37. Kg2 Ne1+ 38. Kh3 Rf3 39. Rd7 Bf6 40. Rf7 Bg7 41. Rxg7 Rxf2 42. Rxa7 h6 43. Nf4 Rxf1 44. Kh4 Nf3+ 45. Kh5 Kg8 46. Kg6 Kf8 47. Ne6+ Ke8 48. Kf6 1-0

[Event "Dresden ZMD op"]
[Site "Dresden"]
[Date "2005.07.24"]
[Round "2"]
[White "Salenko, Vadim"]
[Black "Kabisch, Thilo"]
[Result "0-1"]
[WhiteElo "1982"]
[BlackElo "2327"]
[PlyCount "42"]
[EventDate "2005.07.23"]
[EventType "swiss"]
[EventRounds "9"]
[EventCountry "GER"]
[SourceTitle "EXT 2006"]
[Source "ChessBase"]
[SourceDate "2005.11.24"]
[SourceVersion "1"]
[SourceVersionDate "2005.11.24"]
[SourceQuality "1"]

1. d4 Nf6 2. Nf3 d6 3. g3 g6 4. Bg2 Bg7 5. 0-0 0-0 6. Nc3 Nbd7 7. e4 e5 8. dxe5 dxe5 9. Qe2 c6 10. Rd1 Re8 11. b4 Qc7 12. b5 Nb6 13. a4 Be6 14. Nd2 cxb5 15. Nxb5 Qxc2 16. Bf1 a6 17. Na3 Qc5 18. Kh1 Nxa4 19. Nab1 b5 20. Ba3 Qd4 21. Nb3 Qxe4+ 0-1

[Event "Hamburg State-ch U20"]
[Site "Cuxhaven"]
[Date "2005.03.15"]
[Round "7"]
[White "Huschenbeth, Niclas"]
[Black "Salenko, Vadim"]
[Result "1-0"]
[WhiteElo "2118"]
[BlackElo "2014"]
[PlyCount "75"]
[EventDate "2005.03.05"]
[EventType "tourn"]
[EventRounds "11"]
[EventCountry "GER"]
[SourceTitle "EXT 2007"]
[Source "ChessBase"]
[SourceDate "2006.11.23"]
[SourceVersion "1"]
[SourceVersionDate "2006.11.23"]
[SourceQuality "1"]

1. e4 c5 2. Nc3 d6 3. Nf3 Nc6 4. d4 cxd4 5. Nxd4 e5 6. Nf5 Bxf5 7. exf5 Nf6 8. Bg5 Be7 9. Qd3 Qd7 10. 0-0-0 Nd4 11. Bxf6 Bxf6 12. Nd5 Rc8 13. Nxf6+ gxf6 14. c3 Qxf5 15. Qd2 Ke7 16. Bd3 Qg5 17. f4 Qxf4 18. Qxf4 exf4 19. Be4 Ne6 20. Bxb7 Rc5 21. Bd5 f5 22. Kc2 Nc7 23. Rhe1+ Kf6 24. Bf3 Rd8 25. b4 Re5 26. Rxe5 Kxe5 27. Re1+ Kf6 28. c4 Ne6 29. Kc3 Ng5 30. c5 dxc5 31. bxc5 Ne6 32. c6 Ke7 33. Re5 Rc8 34. Ra5 Rc7 35. Kb4 Kd6 36. Rd5+ Kxc6 37. Rd8+ Kb6 38. Rb8+ 1-0

[Event "Hamburg State-ch U20"]
[Site "Cuxhaven"]
[Date "2005.03.05"]
[Round "1"]
[White "Salenko, Vadim"]
[Black "Stellwagen, Robin"]
[Result "0-1"]
[WhiteElo "2014"]
[BlackElo "2144"]
[PlyCount "62"]
[EventDate "2005.03.05"]
[EventType "tourn"]
[EventRounds "11"]
[EventCountry "GER"]
[SourceTitle "EXT 2007"]
[Source "ChessBase"]
[SourceDate "2006.11.23"]
[SourceVersion "1"]
[SourceVersionDate "2006.11.23"]
[SourceQuality "1"]

1. d4 Nf6 2. e3 g6 3. f4 Bg7 4. Nf3 d6 5. Bd3 Nbd7 6. 0-0 c5 7. Nbd2 Qc7 8. Rb1 Nd5 9. Ne4 cxd4 10. exd4 N7b6 11. Bb5+ Bd7 12. Bxd7+ Qxd7 13. Qe2 Rc8 14. c3 0-0 15. Ng3 e6 16. Kh1 a5 17. Ne1 Nc4 18. Nc2 b5 19. Ne3 Ncxe3 20. Bxe3 a4 21. Rbc1 a3 22. Rfe1 Rc4 23. bxa3 Nxc3 24. Qd3 Rfc8 25. Rc2 Nd5 26. Rxc4 Rxc4 27. Ne2 Nxe3 28. Qxe3 Qc6 29. Qd3 Rc2 30. Rb1 Rxa2 31. Rxb5 Rxe2 0-1

[Event "GER-chT North U16"]
[Site "Syke"]
[Date "2004.09.19"]
[Round "7.3"]
[White "Salenko, Vadim"]
[Black "Schirrmacher, Carsten"]
[Result "1-0"]
[WhiteElo "1786"]
[BlackElo "1686"]
[PlyCount "149"]
[EventDate "2004.09.16"]
[EventType "team-swiss"]
[EventRounds "7"]
[EventCountry "GER"]
[SourceTitle "EXT 2006"]
[Source "ChessBase"]
[SourceDate "2005.11.24"]
[SourceVersion "1"]
[SourceVersionDate "2005.11.24"]
[SourceQuality "1"]

1. d4 c5 2. e3 Nf6 3. Nf3 e6 4. Bd3 d5 5. c3 Nc6 6. Nbd2 cxd4 7. exd4 Bd6 8. 0-0 a6 9. Re1 b5 10. Ne5 Qc7 11. f4 b4 12. Ndf3 h6 13. Re3 bxc3 14. bxc3 g5 15. f5 g4 16. fxe6 Bxe6 17. Nxc6 gxf3 18. Qxf3 Ne4 19. Bxe4 dxe4 20. Qxe4 Kd7 21. Ne5+ Bxe5 22. Qxe5 Qxe5 23. Rxe5 h5 24. d5 Kd6 25. Bf4 Bd7 26. Rxh5+ Kc5 27. Rxh8 Rxh8 28. Rd1 Kc4 29. Be5 Rh5 30. Bf6 Rxd5 31. Rxd5 Kxd5 32. Kf2 Kc4 33. Ke3 a5 34. Kd2 a4 35. a3 Bf5 36. Be7 Be4 37. g3 Bg2 38. Bb4 Bh3 39. Ke3 Bf5 40. Kf4 Bg6 41. Kg5 Kd5 42. h4 Ke6 43. c4 Bd3 44. c5 f6+ 45. Kh6 Kf7 46. Bc3 Be4 47. Bd2 Bf5 48. c6 Be6 49. c7 Bf5 50. Kh5 Kg7 51. Bc3 Bd7 52. Bxf6+ Kxf6 53. g4 Ke6 54. g5 Kd6 55. g6 Kxc7 56. g7 Be6 57. Kg6 Bg8 58. h5 Kd6 59. h6 Ke6 60. h7 Bxh7+ 61. Kxh7 Ke5 62. g8Q Kd4 63. Qc8 Kd3 64. Qc5 Ke4 65. Kg6 Kf3 66. Qd4 Kg3 67. Kg5 Kf3 68. Qf4+ Ke2 69. Qg3 Kd2 70. Kf4 Kc2 71. Ke4 Kb2 72. Kd4 Ka2 73. Qc3 Kb1 74. Qd2 Ka1 75. Kc3 1-0

[Event "GER-chT North U16"]
[Site "Syke"]
[Date "2004.09.18"]
[Round "5.2"]
[White "Becker, Nils"]
[Black "Salenko, Vadim"]
[Result "1-0"]
[WhiteElo "2023"]
[BlackElo "1786"]
[PlyCount "93"]
[EventDate "2004.09.16"]
[EventType "team-swiss"]
[EventRounds "7"]
[EventCountry "GER"]
[SourceTitle "EXT 2006"]
[Source "ChessBase"]
[SourceDate "2005.11.24"]
[SourceVersion "1"]
[SourceVersionDate "2005.11.24"]
[SourceQuality "1"]

1. e4 c5 2. Nf3 Nc6 3. Nc3 d6 4. d4 cxd4 5. Nxd4 e5 6. Nf3 Be7 7. Be2 Be6 8. 0-0 Nf6 9. b3 0-0 10. Bb2 Rc8 11. Qd2 Qc7 12. Rad1 Rfd8 13. Ng5 d5 14. Nxe6 fxe6 15. exd5 Nxd5 16. Bc4 Nf4 17. Qe3 Nd4 18. Qe4 a6 19. Bd3 Nf5 20. Bc4 Nd4 21. Bd3 Nf5 22. Ne2 Nxd3 23. cxd3 Bf6 24. Kh1 Qc6 25. Rc1 Qxe4 26. dxe4 Nd4 27. Rxc8 Rxc8 28. Rc1 Rc2 29. Rxc2 Nxc2 30. Kg1 Kf7 31. Kf1 Ke7 32. Nc1 Nb4 33. Ba3 a5 34. Nd3 Kd6 35. Nxb4 axb4 36. Bxb4+ Kc6 37. Ke2 Kb5 38. Bf8 g6 39. Kd3 Bh4 40. f3 Be1 41. Bd6 Ka5 42. Bxe5 Kb4 43. Bd6+ Kb5 44. Kd4 Bb4 45. Bxb4 Kxb4 46. Ke5 Ka3 47. Kxe6 1-0

[Event "GER-chT North U16"]
[Site "Syke"]
[Date "2004.09.17"]
[Round "3.3"]
[White "Walther, Jakob"]
[Black "Salenko, Vadim"]
[Result "1-0"]
[WhiteElo "1599"]
[BlackElo "1786"]
[PlyCount "101"]
[EventDate "2004.09.16"]
[EventType "team-swiss"]
[EventRounds "7"]
[EventCountry "GER"]
[SourceTitle "EXT 2006"]
[Source "ChessBase"]
[SourceDate "2005.11.24"]
[SourceVersion "1"]
[SourceVersionDate "2005.11.24"]
[SourceQuality "1"]

1. d4 Nf6 2. c4 g6 3. Nc3 Bg7 4. e4 d6 5. f4 0-0 6. Nf3 Bg4 7. Be2 c5 8. d5 e6 9. 0-0 exd5 10. cxd5 Re8 11. e5 Bxf3 12. Bxf3 dxe5 13. fxe5 Rxe5 14. d6 Nbd7 15. Bxb7 Rb8 16. Ba6 Rb4 17. Qc2 Qb6 18. Bc8 Qxd6 19. Bf4 Qd4+ 20. Kh1 Rf5 21. g3 Qc4 22. Rfe1 Rd5 23. Re3 Ng4 24. Re8+ Bf8 25. Ba6 Qxa6 26. Nxd5 Rc4 27. Qe2 Nde5 28. Ne7+ Kg7 29. Bxe5+ f6 30. Bc3 Qb7+ 31. Kg1 Re4 32. Nf5+ gxf5 33. Rxe4 Qxe4 34. Qxe4 fxe4 35. Re1 e3 36. Kg2 Ne5 37. Rxe3 Bd6 38. Bxe5 Bxe5 39. b3 Kf7 40. Re4 Bd4 41. Kf3 f5 42. Rf4 Kg6 43. g4 fxg4+ 44. Rxg4+ Kf5 45. h3 a5 46. Rg8 a4 47. bxa4 c4 48. Rc8 c3 49. a5 Ke5 50. a6 Kd5 51. a7 1-0

[Event "Hamburg HSK DWZ op 1st"]
[Site "Hamburg"]
[Date "2002.09.29"]
[Round "4"]
[White "Salenko, Vadim"]
[Black "Mueller, Philipp"]
[Result "1/2-1/2"]
[WhiteElo "1706"]
[BlackElo "1508"]
[PlyCount "42"]
[EventDate "2002.09.??"]
[EventType "swiss"]
[EventRounds "5"]
[EventCountry "GER"]
[SourceTitle "EXT 2006"]
[Source "ChessBase"]
[SourceDate "2005.11.24"]
[SourceVersion "1"]
[SourceVersionDate "2005.11.24"]
[SourceQuality "1"]

1. d4 d5 2. Nf3 Nf6 3. Bf4 Bf5 4. e3 e6 5. Bd3 Bd6 6. Bxf5 exf5 7. Bg5 h6 8. Bxf6 Qxf6 9. Nbd2 Nd7 10. a3 c6 11. c4 Qe6 12. cxd5 Qxd5 13. Rc1 Nb6 14. Qc2 0-0 15. 0-0 Rfe8 16. Rfe1 Rad8 17. b4 Re6 18. Nb3 Qe4 19. Nc5 Bxc5 20. bxc5 Qxc2 21. Rxc2 Nd5 1/2-1/2

[Event "Hamburg HSK DWZ op 1st"]
[Site "Hamburg"]
[Date "2002.09.27"]
[Round "1"]
[White "Akil, Youssef"]
[Black "Salenko, Vadim"]
[Result "0-1"]
[WhiteElo "1203"]
[BlackElo "1706"]
[PlyCount "56"]
[EventDate "2002.09.??"]
[EventType "swiss"]
[EventRounds "5"]
[EventCountry "GER"]
[SourceTitle "EXT 2006"]
[Source "ChessBase"]
[SourceDate "2005.11.24"]
[SourceVersion "1"]
[SourceVersionDate "2005.11.24"]
[SourceQuality "1"]

1. c4 e5 2. Nc3 Nf6 3. d3 d6 4. Nf3 Be7 5. g3 c6 6. Bg2 Bg4 7. 0-0 Bxf3 8. Bxf3 0-0 9. Bd2 Nbd7 10. b4 Nb6 11. a4 d5 12. a5 Nc8 13. Bg5 Bxb4 14. Qb3 Bxc3 15. Qxc3 d4 16. Qb4 Nd6 17. a6 Rb8 18. Qc5 h6 19. Bd2 e4 20. dxe4 Ndxe4 21. Bxe4 Nxe4 22. Qe5 Nxd2 23. Rfd1 Nxc4 24. Qxd4 Qxd4 25. Rxd4 Nb6 26. Re4 Rfd8 27. Re7 Rd7 28. Rxd7 Nxd7 0-1